000 00722 a2200193 4500
005 20120314123149.0
008 120314t xxu||||| |||| 00| 0 eng d
080 _a537.8
_bADA
100 _aAdana, Francisco Saez de...[et al]
_919613
245 _aPractical applications of asymptotic techniques in electomagnetics
_cFrancisco Saez de Adana...[et.al]
300 _axi, 215p.
_bIncludes CD-ROM
653 _aElectromagnetism
653 _aGeometrical optics
653 _aPhysical optics
942 _cBK
260 _aBoston
_bArtech house
_c2011
_919614
020 _a9781608070633
952 _w2011-11-25
_p00066313
_v0.00
_r2011-11-25
_40
_e99
_00
_bUL
_10
_o537.8 ADA
_d2011-11-25
_70
_cGEN
_2udc
_g0.00
_yBK
_aUL
999 _c73643
_d73642